Online
Catalog

Montevideo antiguo : (Record no. 5551)

MARC details
000 -CABECERA
campo de control de longitud fija 00866cam a2200241 a 4500
001 - NÚMERO DE CONTROL
campo de control 000005755
005 - FECHA Y HORA DE LA ÚLTIMA TRANSACCIÓN
campo de control 20200929151754.0
008 - DATOS DE LONGITUD FIJA--INFORMACIÓN GENERAL
campo de control de longitud fija 781025s1976 uy 000 0 spa
040 ## - FUENTE DE LA CATALOGACIÓN
Centro catalogador/agencia de origen DO-SdBNP
Lengua de catalogación spa
Centro/agencia transcriptor BNPHU
082 ## - NÚMERO DE LA CLASIFICACIÓN DECIMAL DEWEY
Número de clasificación 989.5
Número de documento/Ítem M332m
100 1# - ENTRADA PRINCIPAL--NOMBRE DE PERSONA
Nombre de persona María, Isidoro De,
Fechas asociadas al nombre 1815-1906.
9 (RLIN) 16291
245 10 - MENCIÓN DE TÍTULO
Título Montevideo antiguo :
Resto del título tradiciones y recuerdos /
Mención de responsabilidad, etc. Isidoro De María ; prólogo de Juan E. Pivel Devoto.
260 ## - PUBLICACIÓN, DISTRIBUCIÓN, ETC.
Lugar de publicación, distribución, etc. Montevideo :
Nombre del editor, distribuidor, etc. Ministerio de Instrucción Pública y Previsión Social,
Fecha de publicación, distribución, etc. 1976.
300 ## - DESCRIPCIÓN FÍSICA
Extensión 2 v. ;
Dimensiones 20 cm.
490 1# - MENCIÓN DE SERIE
Mención de serie Biblioteca Artigas
490 1# - MENCIÓN DE SERIE
Mención de serie Clásicos uruguayos
Designación de volumen o secuencia 23-24
651 #4 - PUNTO DE ACCESO ADICIONAL DE MATERIA--NOMBRE GEOGRÁFICO
Nombre geográfico Montevideo (Uruguay{Rpara}
Subdivisión general Historia
9 (RLIN) 16292
700 1# - PUNTO DE ACCESO ADICIONAL--NOMBRE DE PERSONA
Nombre de persona Pivel Devoto, Juan E.,
Término indicativo de función/relación pról.
9 (RLIN) 16271
830 #0 - PUNTO DE ACCESO ADICIONAL DE SERIE-TÍTULO UNIFORME
Título uniforme Clásicos uruguayos ;
Designación de volumen o secuencia 23-24
9 (RLIN) 16278
830 #0 - PUNTO DE ACCESO ADICIONAL DE SERIE-TÍTULO UNIFORME
Título uniforme Biblioteca Artigas
9 (RLIN) 16279
910 ## - DATOS DE OPCIÓN DEL USUARIO (OCLC)
Datos de opción del usuario Catalogación derivada
910 ## - DATOS DE OPCIÓN DEL USUARIO (OCLC)
Datos de opción del usuario WM
Holdings
Estado de retiro Estado de pérdida Restricciones de uso No para préstamo Código de colección Localización permanente Ubicación/localización actual Ubicación en estantería Fecha de adquisición Número de inventario Total de préstamos Signatura topográfica completa Código de barras Fecha visto por última vez Precio válido a partir de Tipo de ítem Koha
    Préstamo interno   Monografías: Libros y Folletos General General Depósito 22.08.2009 LF1   989.5 M332m | t.1 5755-10 25.06.2020 25.06.2020 Préstamo interno
    Préstamo interno   Monografías: Libros y Folletos General General Depósito 14.10.2009 LF1   989.5 M332m | t.2 5755-20 25.06.2020 25.06.2020 Préstamo interno

Powered by Koha